Building a stadium
| Main Author: | |
|---|---|
| Format: | Book |
| Published: |
Mankato, Minnesota :
Amicus and Amicus Ink. ,
2019
|
| Series: | Sequence. Amazing structures
|
| Subjects: |
MARC
| LEADER | 00000cam a2200000 7i4500 | ||
|---|---|---|---|
| 001 | 0000239342 | ||
| 005 | 20200813114649.0 | ||
| 020 | |a 9781681514321 | ||
| 090 | 0 | 0 | |a 690.5827 |b SMI |
| 100 | 1 | |a Smibert, Angie | |
| 245 | 1 | 0 | |a Building a stadium |c Smibert, Angie |
| 260 | |a Mankato, Minnesota : |b Amicus and Amicus Ink. , |c 2019 | ||
| 300 | |a 32p. : |b col.,photos ; |c 25cm. | ||
| 490 | 0 | |a Sequence. Amazing structures | |
| 650 | 0 | |a Stadiums |x Design and construction |x Juvenile literature | |
| 999 | |a 00374043 |b BUKU |c JUNIOR BOOKS |e PERPUSTAKAAN KOMUNITI PETALING JAYA | ||